Polski CS - Statystyki

Ogólne statystyki
  • Ten quiz został rozwiązany 37 razy
  • Średni wynik to 6 z 15
Statystyki odpowiedzi
Zagadnienie Odpowiedź % Poprawnych
Podczas IEM Katowice 2014 w finale z Virtus.pro zmierzyło się z Ninjas in Pyjamas
65%
Ostatnią mapą w finale Majora w Katowicach była Inferno
60%
Gdzie odbył się drugi turniej rangi Major w Polsce Kraków
60%
Jedynym polskim zdobywcą MVP Majora jest pashaBiceps
60%
Kto należał do głownego składu Złotej Piątki z CS 1.6 Loord
50%
Który gracz miał najwyższe miejsce w TOP 20 HLTV pashaBiceps
40%
Kto wygrał Legendary turniej w Płońsku w 2015 roku ESC Gaming
35%
Gdzie bezpośrednio trafił NEO po odejściu z Virtus.pro FaZe Clan
35%
W jakiej organizacji ostatni oficjalny mecz rozegrał TaZ G2
30%
Ostatni rok w pełni polskiego Virtus.pro 2019
25%
Kto bym Stend in'em w Team Vitality na IEM Rio Major 2022 Snax
25%
Pierwsza Polska drużyna na Majorze UniversalSoldiers
25%
W którym z tych Team'ów nie grał mhL Illuminar
20%
Kto wygrał Polską Ligę Esportową Sezon 1 w 2017 roku Pride Gaming
15%
Po trenerskiej karierze w Virtus.pro kuben udało się do Envy
10%
Nie znaleziono quizów pasujących do podanych kryteriów
Rozkład punktacji
Procent ludzi z każdym wynikiem
Percentyl według liczby udzielonych odpowiedzi
Twoja historia wyników
Nie rozwiązałeś tego quizu